000 00516nam a2200205Ia 4500
001 42233
005 20240114003456.0
007 ta
008 080612s1976 g b000 u asm u
041 _aasm
082 _a891.4141
_bK 129 K
100 _aThakuriya, Ramcharan .
245 0 _aKamarupa /
_cRamcharan Thakuriya.
_hTextual Documents
260 _aGauhati :
_bKamrup Sahitya Parishad ,
_c1976.
300 _a146pg ;
653 _aJournal
653 _aT/PG-Assamese
942 _2ddc
_cBK
999 _c42199
_d42199